Revista Rhombus

Detalles Bibliográficos
Formato: eBook
Lenguaje:español
Publicado: San Jos:̌ Universidad Latinoamericana de Ciencia y Tecnologa̕ Costa Rica, 2021 -
Materias:
Acceso en línea:Acceso restringido

MARC

LEADER 00000nam a22000007a 4500
005 20210616222023.0
007 cr|||| ||||
008 210616c20219999cr fr|w s|||| 0|||b1spa d
022 |a 1659 1623 
035 |a 34770 
040 |a vLex 
090 |c 11791  |d 11791 
245 0 0 |a Revista Rhombus  |h [Recurso electrn̤ico] / 
256 |a Servicio en ln̕ea 
260 |a San Jos:̌  |b Universidad Latinoamericana de Ciencia y Tecnologa̕ Costa Rica,  |c 2021 - 
300 |a 1 recurso electrn̤ico 
310 |a Semestral 
362 |a Nð 1-1 (Ene. 2021) - 
506 1 |a Disponible solo en los productos indicados  |d vLex Global  |d vLex Global (Academic Edition, excluding Law Schools)  |d vLex Global (U.S. Academic Edition, Law Schools)  |d vLex Global (U.S. Academic Edition, excluding Law Schools)  |d vLex Global (Academic Edition, Law Schools) 
650 0 4 |a Derecho Fiscal  |z Costa Rica 
650 0 4 |a Economa̕ y negocios  |z Costa Rica 
740 0 |a vLex Revistas (Servicio en ln̕ea) 
856 4 0 |u https://vlex.com/source/revista-rhombus-34770  |z Acceso restringido 
942 |c REV 
999 0 |a Tax Law 
999 0 |a Economy and business